|
|
|
|
| LEADER |
00000nam a2200000Ia 4500 |
| 008 |
161005b1997 mx ||||| |||| 00| | spa d |
| 020 |
|
|
|a 9687022515
|
| 090 |
|
|
|a 06.04.05
|b 1362
|
| 100 |
1 |
|
|a Espinosa Proa, Sergio
|9 2045
|
| 245 |
1 |
3 |
|a El misterio de las universidades y otros textos afines /
|c Sergio Espinosa Proa
|
| 260 |
|
|
|a México :
|b Centro de Docencia Superior, Universidad Autónoma de Zacatecas,
|c 1997
|
| 300 |
|
|
|a 162 páginas
|
| 650 |
1 |
4 |
|a UNIVERSIDADES
|9 16
|
| 650 |
1 |
4 |
|9 8
|a EDUCACIÓN SUPERIOR
|
| 650 |
1 |
4 |
|a PLURALISMO CULTURAL
|9 841
|
| 942 |
|
|
|i 002465
|h 06.04.05 1362
|2 z
|c 01
|
| 999 |
|
|
|c 406
|d 406
|